00406nam a2200157Ia 4500001000500000005001700005008004100022041000800063082001500071100003200086245007700118260000900195300002800204650000800232654000800240931820260306161709.0260306t2018||||xx |||||||||||||| ||spa|| aESP a378.1bL94 aLozano Luzón, JoséeAUT 0aCómo realizar la programación didáctica en formación profesional c2018 a236 páginas :c22 cm. aGEN aCED